The seed is mine : (Record no. 124882)
[ view plain ]
| 000 -LEADER | |
|---|---|
| fixed length control field | 01524cam a2200349 a 4500 |
| 001 - CONTROL NUMBER | |
| control field | 3982581 |
| 003 - CONTROL NUMBER IDENTIFIER | |
| control field | ARRUPE |
| 005 - DATE AND TIME OF LATEST TRANSACTION | |
| control field | 20160810105553.0 |
| 008 - FIXED-LENGTH DATA ELEMENTS--GENERAL INFORMATION | |
| fixed length control field | 960130s1996 nyuabf b 001 0beng d |
| 010 ## - LIBRARY OF CONGRESS CONTROL NUMBER | |
| LC control number | 95079980 |
| 020 ## - INTERNATIONAL STANDARD BOOK NUMBER | |
| International Standard Book Number | 080909603X |
| 035 ## - SYSTEM CONTROL NUMBER | |
| System control number | (OCoLC)34334003 |
| 040 ## - CATALOGING SOURCE | |
| Original cataloging agency | WaS |
| Transcribing agency | WaS |
| Modifying agency | NBuBE |
| -- | DNAL |
| -- | DLC |
| 042 ## - AUTHENTICATION CODE | |
| Authentication code | lccopycat |
| 043 ## - GEOGRAPHIC AREA CODE | |
| Geographic area code | f-sa--- |
| 050 00 - LIBRARY OF CONGRESS CALL NUMBER | |
| Classification number | DT1949.M37 |
| Item number | V36 1996 |
| 082 00 - DEWEY DECIMAL CLASSIFICATION NUMBER | |
| Classification number | 968/.0049602 |
| Edition number | 21 |
| 300 ## - PHYSICAL DESCRIPTION | |
| Other physical details | ill. ; |
| Dimensions | 25 cm. |
| 100 1# - MAIN ENTRY--PERSONAL NAME | |
| Personal name | Van Onselen, Charles. |
| 9 (RLIN) | 23147 |
| 245 14 - TITLE STATEMENT | |
| Title | The seed is mine : |
| Remainder of title | the life of Kas Maine, a South African sharecropper, 1894-1985 / |
| Statement of responsibility, etc | Charles Van Onselen. |
| 246 30 - VARYING FORM OF TITLE | |
| Title proper/short title | Life of Kas Maine, a South African sharecropper, 1894-1985 |
| 250 ## - EDITION STATEMENT | |
| Edition statement | 1st ed. |
| 260 ## - PUBLICATION, DISTRIBUTION, ETC. (IMPRINT) | |
| Place of publication, distribution, etc | New York : |
| Name of publisher, distributor, etc | Hill and Wang, |
| Date of publication, distribution, etc | 1996. |
| 300 ## - PHYSICAL DESCRIPTION | |
| Extent | xvi, 649 p., [24] p. of plates : |
| 504 ## - BIBLIOGRAPHY, ETC. NOTE | |
| Bibliography, etc | Includes bibliographical references (p. 545-562) and index. |
| 520 ## - SUMMARY, ETC. | |
| Summary, etc | "Traces the psycholosocial development of one black sharecropping family over a one-hundred-year cycle, and tells of the triumphs and the tears of a black patriarch struggling to prosper ... a black man's manual of survival in what was apartheid South Africa" --Jacket. |
| 600 10 - SUBJECT ADDED ENTRY--PERSONAL NAME | |
| Personal name | Maine, Kas, |
| Dates associated with a name | 1894-1985. |
| 9 (RLIN) | 24697 |
| 650 #0 - SUBJECT ADDED ENTRY--TOPICAL TERM | |
| Topical term or geographic name as entry element | Sharecroppers |
| Geographic subdivision | South Africa |
| General subdivision | Biography. |
| 9 (RLIN) | 24698 |
| 650 #0 - SUBJECT ADDED ENTRY--TOPICAL TERM | |
| Topical term or geographic name as entry element | Blacks |
| Geographic subdivision | South Africa |
| General subdivision | Biography. |
| 9 (RLIN) | 24699 |
| 906 ## - LOCAL DATA ELEMENT F, LDF (RLIN) | |
| a | 7 |
| b | cbc |
| c | copycat |
| d | 2 |
| e | opcn |
| f | 19 |
| g | y-gencatlg |
| 942 ## - ADDED ENTRY ELEMENTS (KOHA) | |
| Source of classification or shelving scheme | Library of Congress Classification |
| Koha item type | Monograph ( Printed materials) |
| Withdrawn status | Lost status | Source of classification or shelving scheme | Damaged status | Not for loan | Collection code | Home library | Current library | Shelving location | Date acquired | Total Checkouts | Full call number | Barcode | Date last seen | Price effective from | Koha item type |
|---|---|---|---|---|---|---|---|---|---|---|---|---|---|---|---|
| Library of Congress Classification | Main Collection | ARRUPE LIBRARY | ARRUPE LIBRARY | Main Collection | 10/08/2016 | DT1949.M37 V36 1996 | 46500009462 | 07/12/2017 | 10/08/2016 | Monograph ( Printed materials) |